| 000 | 00497nam a2200205Ia 4500 | ||
|---|---|---|---|
| 003 | OSt | ||
| 005 | 20140314153517.0 | ||
| 008 | 140130s9999 xx 000 0 und d | ||
| 020 | _a0590421433 | ||
| 050 |
_aPZ 7 _b.C21476Mi 1989 |
||
| 100 | _aCarle, Eric | ||
| 245 |
_cCarle, Eric _aThe mixed up chameleon / |
||
| 260 |
_bScholastic, _aNew York : _c1989. |
||
| 300 |
_a[32] p. : _bcol. ill. ; _c31 cm. |
||
| 440 | _v1 | ||
| 521 | _aG2 | ||
| 526 | _c450 | ||
| 942 |
_cBK _2lcc |
||
| 999 |
_c40394 _d40394 |
||